The modern technique of rock blasting, (Record no. 546465)
[ view plain ]
| 000 -LEADER | |
|---|---|
| fixed length control field | 00551nam a2200181 4500 |
| 082 00 - DEWEY DECIMAL CLASSIFICATION NUMBER | |
| Classification number | 624.152 |
| Author Mark | LAN |
| -- | D |
| 100 1# - MAIN ENTRY--PERSONAL NAME | |
| Personal name | Langefors, U. |
| 9 (RLIN) | 26994 |
| 245 14 - TITLE STATEMENT | |
| Title | The modern technique of rock blasting, |
| Statement of responsibility, etc. | by U. Langefors and B. Kihlström. |
| 250 ## - EDITION STATEMENT | |
| Edition statement | [2d ed.] |
| 260 ## - PUBLICATION, DISTRIBUTION, ETC. | |
| Place of publication, distribution, etc. | New York, |
| Name of publisher, distributor, etc. | Wiley |
| Date of publication, distribution, etc. | [1967, c1963] |
| 300 ## - PHYSICAL DESCRIPTION | |
| Extent | 405 p. |
| Other physical details | illus., port. |
| Dimensions | 24 cm. |
| 500 ## - GENERAL NOTE | |
| General note | On spine: Rock blasting. |
| 526 ## - STUDY PROGRAM INFORMATION NOTE | |
| Program name | 0 |
| Interest level | 0 |
| Reading level | 0 |
| Title point value | 624_152000000000000_LAN |
| 650 #0 - SUBJECT ADDED ENTRY--TOPICAL TERM | |
| Topical term or geographic name entry element | Blasting. |
| 9 (RLIN) | 26995 |
| 650 #0 - SUBJECT ADDED ENTRY--TOPICAL TERM | |
| Topical term or geographic name entry element | MCE |
| 9 (RLIN) | 379 |
| 700 1# - ADDED ENTRY--PERSONAL NAME | |
| Personal name | Kihlström, Björn, |
| 9 (RLIN) | 26996 |
| 942 ## - ADDED ENTRY ELEMENTS (KOHA) | |
| Source of classification or shelving scheme | |
| Koha item type | Book |
| Withdrawn status | Lost status | Source of classification or shelving scheme | Damaged status | Not for loan | Permanent Location | Current Location | Date acquired | Total Checkouts | Full call number | Barcode | Date last seen | Date last checked out | Price effective from | Koha item type |
|---|---|---|---|---|---|---|---|---|---|---|---|---|---|---|
| Military College of Engineering (MCE) | Military College of Engineering (MCE) | 06/12/2014 | 1 | 624.152 LAN | MCE-43913 | 04/20/2017 | 02/23/2017 | 06/12/2014 | Book |
